Quiz sur le Val-de-Marne - Statistiques

Statistiques générales
  • Ce quiz a été pris 129 fois
  • Le résultat moyen est 13 sur 20
Statistiques - réponses
Question % Correct
Numéro du département 94
99%
Région Ile-de-France
98%
Deuxième aéroport de France, situé en partie sur le territoire du Val-de-Marne. Aéroport de Paris-Orly
93%
Préfecture Créteil
92%
Départements limitrophes Paris
89%
Seine-et-Marne
87%
Seine-Saint-Denis
85%
Plus gros marché de produits agricoles au monde Marché international de Rungis
82%
Commune connue pour son château fort royal, le plus vaste de France encore debout et le bois de la capitale portant son nom. Vincennes
82%
Essonne
80%
Hauts-de-Seine
77%
Chanteuse et actrice née à Saint-Maur-des-Fossés qui connut son premier succès avec Joe le Taxi. Vanessa Paradis
67%
Plus grande ville Vitry-sur-Seine
62%
Gentilé Val-de-Marnais
56%
Ancien département dont 18 commune du Val-de-Marne faisaient partie jusqu'en 1968. Seine-et-Oise
53%
Cabarets populaires typiques du XIXème siècle indissociables des bords de Marne du département Guinguettes
39%
Nogent-sur-Marne
25%
Sous-préfectures L'Haÿ-les-Roses
24%
Nombre d'habitants (arrondi à la dizaine de milliers d'habitants) 1 400 000 (1 396 913)
21%
Type de jardin accueillant une fleur bien spécifique dont le premier au monde a été créé par Jules Gravereaux dans le Val-de-Marne. Roseraie
17%
Aucun quiz correspondant
Distribution des résultats
% des personnes avec chaque résultat
Percentile par nombre de réponses
Votre historique - résultats
Vous n’avez pas pris ce quiz